神奈川県の県立高校 - Statistics

General Stats
  • This quiz has been taken 335 times
  • The average score is 42 of 138
Answer Stats
所在地 高校名 % Correct
横浜市 横浜翠嵐
81%
鎌倉市 鎌倉
78%
小田原市 小田原
78%
相模原市 相模原
77%
厚木市 厚木
77%
横須賀市 横須賀
76%
大和市 大和
76%
川崎市 川崎
75%
藤沢市 湘南
74%
海老名市 海老名
73%
座間市 座間
71%
二宮町 二宮
69%
伊勢原市 伊勢原
68%
綾瀬市 綾瀬
68%
大磯町 大磯
68%
寒川町 寒川
67%
逗子市 逗子
66%
秦野市 秦野
66%
愛川町 愛川
66%
山北町 山北
65%
大井町 大井
61%
横浜市 鶴見
57%
横浜市 田奈
54%
鎌倉市 大船
53%
横浜市 川和
50%
茅ヶ崎市 茅ケ崎
50%
南足柄市 足柄
48%
厚木市 厚木西
46%
厚木市 厚木北
45%
横浜市 柏陽
43%
厚木市 厚木東
43%
川崎市 多摩
42%
相模原市 橋本
41%
横浜市 希望ケ丘
40%
横浜市 瀬谷
40%
横浜市 神奈川総合
39%
平塚市 平塚江南
39%
大和市 大和西
39%
大和市 大和南
38%
大和市 大和東
38%
横浜市 港北
37%
藤沢市 湘南台
35%
横浜市 横浜平沼
34%
横浜市 横浜緑ケ丘
33%
横浜市
33%
鎌倉市 七里ガ浜
33%
藤沢市 藤沢西
33%
相模原市 津久井
32%
横浜市 保土ケ谷
31%
横須賀市 追浜
30%
茅ヶ崎市 茅ケ崎北陵
30%
横浜市 神奈川工業
28%
川崎市 麻生
28%
横浜市 光陵
27%
逗子市 逗葉
27%
綾瀬市 綾瀬西
27%
川崎市 新城
26%
川崎市 川崎北
25%
川崎市 生田
25%
横浜市 鶴見総合
24%
横浜市 市ケ尾
24%
相模原市 上溝
24%
横浜市 釜利谷
23%
三浦市 三浦初声
23%
横浜市 白山
22%
相模原市 相原
22%
小田原市 小田原東
22%
伊勢原市 伊志田
22%
横浜市 元石川
21%
横浜市 荏田
21%
横浜市 新栄
21%
横浜市 城郷
20%
横須賀市 横須賀工業
20%
小田原市 西湘
20%
秦野市 秦野総合
20%
秦野市 秦野曽屋
20%
座間市 座間総合
20%
横浜市 横浜国際
19%
横浜市 永谷
19%
横浜市 磯子工業
19%
横浜市 新羽
19%
横浜市 舞岡
19%
川崎市 大師
19%
川崎市 百合丘
19%
相模原市 城山
19%
茅ヶ崎市 茅ケ崎西浜
19%
開成町 吉田島
19%
横浜市 金沢総合
18%
横浜市 横浜立野
17%
横浜市 岸根
17%
横浜市 霧が丘
17%
相模原市 麻溝台
17%
横須賀市 横須賀大津
17%
藤沢市 藤沢清流
17%
横浜市 横浜旭陵
16%
横浜市 金井
16%
横浜市 瀬谷西
16%
川崎市 川崎工科
16%
相模原市 相模原弥栄
16%
横須賀市 津久井浜
16%
横須賀市 横須賀南
16%
鎌倉市 深沢
16%
厚木市 厚木商業
16%
横浜市 横浜桜陽
15%
川崎市 住吉
15%
川崎市
15%
藤沢市 藤沢総合
15%
横浜市 商工
14%
横浜市 横浜氷取沢
14%
横浜市 横浜栄
14%
横浜市 松陽
14%
川崎市 麻生総合
14%
相模原市 上溝南
14%
横浜市 上矢部
13%
相模原市 相模田名
13%
平塚市 平塚湘風
13%
海老名市 有馬
13%
川崎市 生田東
12%
茅ヶ崎市 鶴嶺
12%
厚木市 厚木清南
12%
海老名市 中央農業
12%
横浜市 横浜清陵
11%
横浜市 横浜緑園
11%
相模原市 相模原総合
11%
横須賀市 海洋科学
11%
藤沢市 藤沢工科
11%
川崎市 向の岡工業
10%
相模原市 神奈川総合産業
10%
平塚市 平塚農商
10%
平塚市 平塚工科
10%
小田原市 小田原城北工業
10%
平塚市 高浜
9%
横浜市 横浜南陵
8%
横浜市 二俣川看護福祉
8%
横浜市 横浜修悠館
8%
相模原市 上鶴間
7%
座間市 相模向陽館
7%
横浜市 横浜明朋
6%
No matching quizzes found
Score Distribution
Percent of People with Each Score
Percentile by Number Answered
Your Score History
You have not taken this quiz